[Event "AUT-chT qual"]
[Site "Vienna"]
[Date "1997.??.??"]
[Round "3"]
[White "Dizdar, Goran"]
[Black "Eisterer, Heinrich"]
[Result "1-0"]
[WhiteElo "2550"]
[BlackElo "2385"]
[PlyCount "101"]
[EventDate "1997.??.??"]
[EventType "team"]
[EventRounds "3"]
[EventCountry "AUT"]
[SourceTitle "EXT 1999"]
[Source "ChessBase"]
[SourceDate "1998.11.16"]
[SourceVersion "1"]
[SourceVersionDate "1998.11.16"]
[SourceQuality "1"]

1. Nf3 Nf6 2. c4 e6 3. g3 b6 4. Bg2 Bb7 5. d4 Bb4+ 6. Nbd2 0-0 7. 0-0 Re8 8. Qc2 d5 9. Ne5 Nbd7 10. Ndf3 Nxe5 11. Nxe5 Bd6 12. Nd3 a5 13. cxd5 Bxd5 14. f3 Bb7 15. e4 Nd7 16. Be3 c5 17. dxc5 Rc8 18. Rfd1 Qc7 19. Rac1 bxc5 20. b3 a4 21. bxa4 c4 22. Nb2 Ne5 23. Qc3 Bc5 24. Bxc5 Qxc5+ 25. Qd4 c3 26. Qxc5 Rxc5 27. Nd3 Nxd3 28. Rxd3 Rec8 29. Bf1 Ba6 30. Rd4 Bxf1 31. Kxf1 Rc4 32. Rxc4 Rxc4 33. Ke2 Rxa4 34. Rc2 g5 35. Kd3 Kg7 36. Kxc3 Ra3+ 37. Kb4 Rxf3 38. a4 f5 39. exf5 exf5 40. a5 f4 41. g4 Re3 42. Rc5 h6 43. a6 Re4+ 44. Rc4 Re2 45. Rc7+ Kg6 46. Rc3 Ra2 47. Ra3 Rxa3 48. Kxa3 f3 49. a7 f2 50. a8Q f1Q 51. Qg8+ 1-0

[Event "AUT-chT2O 9697"]
[Site "Austria"]
[Date "1997.??.??"]
[Round "9"]
[White "Eisterer, Heinrich"]
[Black "Tompa, Janos"]
[Result "1/2-1/2"]
[WhiteElo "2340"]
[BlackElo "2455"]
[PlyCount "136"]
[EventDate "1996.??.??"]
[EventType "team"]
[EventRounds "11"]
[EventCountry "AUT"]
[SourceTitle "EXT 1998"]
[Source "ChessBase"]
[SourceDate "1997.11.17"]
[SourceVersion "1"]
[SourceVersionDate "1997.11.17"]
[SourceQuality "1"]

1. c4 e5 2. g3 c6 3. Nf3 e4 4. Nd4 d5 5. Bg2 dxc4 6. Nc2 Nf6 7. Ne3 Qd4 8. Qc2 Na6 9. Qxc4 Qxc4 10. Nxc4 Nb4 11. Nba3 Bc5 12. 0-0 Bg4 13. Re1 Be6 14. b3 b5 15. Ne3 Bd4 16. Rb1 Nxa2 17. Nec2 0-0-0 18. Bb2 Bxb2 19. Rxb2 Rxd2 20. Rxa2 Bxb3 21. Rb2 Ba4 22. f3 Nd5 23. fxe4 Ne3 24. Bh3+ Kc7 25. Kf2 Nd1+ 26. Rxd1 Rxd1 27. Ne3 Rc1 28. Nb1 Rd8 29. Nd2 Rc2 30. Rxc2 Bxc2 31. Ke1 Ba4 32. e5 Re8 33. Nf3 Bb3 34. Kd2 Be6 35. Bxe6 Rxe6 36. Nf5 g6 37. Nh6 f6 38. exf6 Rxf6 39. Ng4 Rf5 40. Nd4 Rd5 41. Kc3 a5 42. e4 Rc5+ 43. Kd3 Rc1 44. Nb3 Rb1 45. Nxa5 c5 46. Ne3 Ra1 47. Nd5+ Kd6 48. Nb7+ Ke5 49. Nxc5 Ra3+ 50. Kc2 Kd4 51. Nb3+ Kxe4 52. Nc3+ Kf3 53. Nd4+ Kg2 54. Ndxb5 Ra5 55. Nd4 Kxh2 56. Nde2 g5 57. Kd3 h5 58. Ne4 Kg2 59. Ke3 Rf5 60. Nd4 Re5 61. Nf3 Rxe4+ 62. Kxe4 g4 63. Nh4+ Kxg3 64. Nf5+ Kh3 65. Kf4 h4 66. Kg5 g3 67. Nxh4 g2 68. Nxg2 Kxg2 1/2-1/2

[Event "Zalakaros op 15th"]
[Site "Zalakaros"]
[Date "1996.??.??"]
[Round "9"]
[White "Bohak, Janko"]
[Black "Eisterer, Heinrich"]
[Result "1/2-1/2"]
[WhiteElo "2215"]
[BlackElo "2340"]
[PlyCount "82"]
[EventDate "1996.??.??"]
[EventType "swiss"]
[EventRounds "9"]
[EventCountry "HUN"]
[SourceTitle "CBM 052 Extra"]
[Source "ChessBase"]
[SourceDate "1996.07.01"]
[SourceVersion "1"]
[SourceVersionDate "1996.07.01"]
[SourceQuality "1"]

1. e4 e5 2. Nf3 Nc6 3. Bc4 Bc5 4. b4 Bxb4 5. c3 Be7 6. d4 Na5 7. Nxe5 Nxc4 8. Nxc4 d5 9. exd5 Qxd5 10. Ne3 Qd8 11. 0-0 Nf6 12. Qf3 0-0 13. Rd1 c6 14. c4 Ne8 15. Nc3 Nd6 16. Bb2 Bf6 17. Rab1 Be6 18. d5 cxd5 19. Ncxd5 Bxb2 20. Rxb2 Qa5 21. Ne7+ Kh8 22. Rxd6 Qe1+ 23. Nf1 Bxc4 24. Rd1 Qxe7 25. Rxb7 Qe6 26. Qa3 a5 27. Ne3 Bxa2 28. Ra1 Qa6 29. Rc7 Be6 30. Qa4 Qb6 31. Rc3 Rfb8 32. h3 Bb3 33. Qg4 a4 34. Nf5 Qf6 35. Nd4 h6 36. Rf3 Qb6 37. Nxb3 axb3 38. Rxa8 Rxa8 39. Rxf7 Rg8 40. Qe4 b2 41. Rb7 b1Q+ 1/2-1/2

[Event "Schlechter Memorial"]
[Site "Vienna"]
[Date "1996.??.??"]
[Round "5"]
[White "Dirr, Ulrich"]
[Black "Eisterer, Heinrich"]
[Result "1-0"]
[WhiteElo "2260"]
[BlackElo "2340"]
[PlyCount "123"]
[EventDate "1996.10.10"]
[EventType "swiss"]
[EventRounds "9"]
[EventCountry "AUT"]
[SourceTitle "CBM 055 Extra"]
[Source "ChessBase"]
[SourceDate "1997.01.01"]
[SourceVersion "1"]
[SourceVersionDate "1997.01.01"]
[SourceQuality "1"]

1. e4 g6 2. d4 Bg7 3. Nc3 c6 4. Be3 d6 5. Nf3 b5 6. Bd3 Nd7 7. 0-0 Ngf6 8. Qd2 Ng4 9. Bg5 h6 10. Bh4 Qc7 11. h3 Ngf6 12. Rfe1 e5 13. dxe5 dxe5 14. a4 b4 15. Nd1 a5 16. Ne3 Nh5 17. Nc4 Nb6 18. Qe3 Nxc4 19. Bxc4 0-0 20. Rad1 Re8 21. Rd2 g5 22. Bg3 Kh7 23. Red1 f6 24. Qb3 Nxg3 25. fxg3 Bf8 26. g4 Bc5+ 27. Kh1 Qe7 28. Nh2 Ra7 29. Qf3 Kg7 30. Nf1 Rd7 31. Rxd7 Bxd7 32. Ng3 Bc8 33. Nh5+ Kg6 34. Rf1 Rf8 35. Qb3 Qd6 36. Bg8 Qd8 37. Be6 Be7 38. Ng3 Ba6 39. Nh5 Kh7 40. Bc4 Bxc4 41. Qxc4 Qd7 42. Rf3 Kg6 43. Rd3 Qc8 44. Ng3 Rf7 45. Nf5 Bf8 46. b3 Qe8 47. g3 Kh7 48. Kg2 Rc7 49. Qa6 Qf7 50. Qxa5 c5 51. Ne3 c4 52. bxc4 Rxc4 53. Nxc4 Qxc4 54. Qd5 Qxc2+ 55. Rd2 Qxa4 56. Ra2 Qe8 57. Ra7+ Kh8 58. Kf3 h5 59. Qf7 Qxf7 60. Rxf7 Bc5 61. gxh5 Kg8 62. Rb7 1-0

[Event "Balatonbereny op"]
[Site "Balatonbereny"]
[Date "1996.??.??"]
[Round "6"]
[White "Eisterer, Heinrich"]
[Black "Bezgodov, Alexei"]
[Result "0-1"]
[WhiteElo "2340"]
[BlackElo "2485"]
[PlyCount "70"]
[EventDate "1996.06.13"]
[EventType "swiss"]
[EventRounds "9"]
[EventCountry "HUN"]
[SourceTitle "CBM 053 Extra"]
[Source "ChessBase"]
[SourceDate "1996.09.01"]
[SourceVersion "1"]
[SourceVersionDate "1996.09.01"]
[SourceQuality "1"]

1. Nf3 Nf6 2. g3 d6 3. d4 Nbd7 4. Bg2 e5 5. 0-0 c6 6. e4 Nxe4 7. dxe5 dxe5 8. Re1 Nef6 9. Nxe5 Nxe5 10. Qxd8+ Kxd8 11. Rxe5 Bd6 12. Re1 Re8 13. Rxe8+ Kxe8 14. Nc3 Bf5 15. Bg5 Bxc2 16. Bxf6 gxf6 17. Ne4 Be7 18. Rc1 Bd3 19. Nc5 Bxc5 20. Rxc5 Rd8 21. Bf3 Rd4 22. Rc3 Kd7 23. Bd1 Bg6 24. Bf3 Kd6 25. Kg2 Rd2 26. Rb3 b6 27. h4 Bd3 28. a3 c5 29. Bb7 b5 30. Kf3 Bc4 31. Re3 Rxb2 32. Be4 h6 33. Kg4 Rxf2 34. Kh5 f5 35. Bb1 f4 0-1

[Event "AUT-chT qual"]
[Site "Vienna"]
[Date "1996.??.??"]
[Round "1"]
[White "Eisterer, Heinrich"]
[Black "Ftacnik, Lubomir"]
[Result "0-1"]
[WhiteElo "2340"]
[BlackElo "2585"]
[PlyCount "96"]
[EventDate "1996.??.??"]
[EventType "team"]
[EventRounds "3"]
[EventCountry "AUT"]
[SourceTitle "EXT 1999"]
[Source "ChessBase"]
[SourceDate "1998.11.16"]
[SourceVersion "1"]
[SourceVersionDate "1998.11.16"]
[SourceQuality "1"]

1. Nf3 Nf6 2. c4 c5 3. g3 b6 4. Bg2 Bb7 5. b3 e6 6. 0-0 Be7 7. Bb2 0-0 8. Nc3 a6 9. Rc1 d6 10. e3 b5 11. d4 cxd4 12. Nxd4 Bxg2 13. Kxg2 bxc4 14. bxc4 Ra7 15. Ba3 Rc7 16. Nb1 Nbd7 17. Nd2 Ne5 18. Qe2 Qa8+ 19. Kg1 Rfc8 20. f4 Ned7 21. N4b3 Qc6 22. Qd3 Nc5 23. Bxc5 dxc5 24. e4 e5 25. f5 Rd8 26. Qe2 Rcd7 27. g4 h6 28. h4 Rd3 29. Rf3 Qd7 30. g5 hxg5 31. hxg5 Nh7 32. g6 fxg6 33. fxg6 Qg4+ 34. Kh1 Qh5+ 35. Qh2 Qxh2+ 36. Kxh2 Rxd2+ 37. Nxd2 Rxd2+ 38. Kh1 Nf8 39. Ra3 Rd6 40. Rb1 Nxg6 41. Rb8+ Kh7 42. Ra8 Nf4 43. R3xa6 Rd4 44. Rc6 Bh4 45. Rb6 Rd1+ 46. Kh2 Rd2+ 47. Kh1 Bg3 48. Rb1 Nh3 0-1

[Event "Zalakaros op 15th"]
[Site "Zalakaros"]
[Date "1996.??.??"]
[Round "8"]
[White "Eisterer, Heinrich"]
[Black "Krizsany, Laszlo"]
[Result "0-1"]
[WhiteElo "2340"]
[BlackElo "2430"]
[PlyCount "120"]
[EventDate "1996.??.??"]
[EventType "swiss"]
[EventRounds "9"]
[EventCountry "HUN"]
[SourceTitle "CBM 052 Extra"]
[Source "ChessBase"]
[SourceDate "1996.07.01"]
[SourceVersion "1"]
[SourceVersionDate "1996.07.01"]
[SourceQuality "1"]

1. Nf3 f5 2. g3 Nf6 3. Bg2 g6 4. 0-0 Bg7 5. d4 0-0 6. b3 d6 7. Bb2 Qe8 8. Nbd2 Nc6 9. Re1 h6 10. e4 fxe4 11. Nxe4 Nxe4 12. Rxe4 g5 13. h3 Qg6 14. Re3 Bf5 15. c4 Rae8 16. Qe1 a5 17. Bc3 Bf6 18. d5 Nb4 19. g4 Bxg4 20. hxg4 Nc2 21. Qc1 Bxc3 22. Rxc3 Nxa1 23. Qxa1 Rf4 24. Nh2 Qf6 25. f3 a4 26. Qe1 Qd4+ 27. Qe3 e5 28. Nf1 axb3 29. axb3 Ra8 30. Qxd4 Rxd4 31. Ne3 Rd2 32. b4 Ra1+ 33. Bf1 Kf7 34. Rc2 Rd3 35. Re2 Kf6 36. Kf2 Rb1 37. b5 Rc3 38. Bg2 b6 39. Bf1 e4 40. Bg2 Ke5 41. Nf1 Kd4 42. Rxe4+ Kc5 43. Nd2 Rb2 44. Re2 Rcc2 45. Ke3 Rc3+ 46. Ke4 Kb4 47. Bf1 Rc1 48. Rh2 Kc3 49. Rxh6 Rxd2 50. Bh3 Kxc4 51. f4 Rd4+ 52. Kf5 Rxd5+ 53. Kf6 gxf4 54. g5 Kxb5 55. g6 Rg1 56. Bd7+ Kc5 57. Bf5 f3 58. Rh2 Re5 59. Rf2 Rg3 60. Bd3 Kd4 0-1

[Event "Schlechter Memorial"]
[Site "Vienna"]
[Date "1996.??.??"]
[Round "4"]
[White "Eisterer, Heinrich"]
[Black "Lau, Ralf"]
[Result "0-1"]
[WhiteElo "2340"]
[BlackElo "2510"]
[PlyCount "58"]
[EventDate "1996.10.10"]
[EventType "swiss"]
[EventRounds "9"]
[EventCountry "AUT"]
[SourceTitle "CBM 055 Extra"]
[Source "ChessBase"]
[SourceDate "1997.01.01"]
[SourceVersion "1"]
[SourceVersionDate "1997.01.01"]
[SourceQuality "1"]

1. e4 d6 2. d4 Nf6 3. Bd3 e5 4. c3 Nbd7 5. Nf3 Be7 6. 0-0 0-0 7. Re1 c6 8. Nbd2 Re8 9. Nf1 Bf8 10. Ng3 Qc7 11. h3 b6 12. Qc2 Bb7 13. Be3 a6 14. a4 g6 15. Rad1 Bg7 16. dxe5 Nxe5 17. Nxe5 dxe5 18. Bc4 b5 19. Ba2 c5 20. Rd2 h6 21. Red1 Bf8 22. f3 c4 23. b3 Bc8 24. bxc4 bxc4 25. a5 Be6 26. Qa4 Rab8 27. Kh2 Rb5 28. Bb6 Qc6 29. Nf1 Rxb6 0-1

[Event "Schlechter Memorial"]
[Site "Vienna"]
[Date "1996.??.??"]
[Round "1"]
[White "Eisterer, Heinrich"]
[Black "Stuhlik, Marko"]
[Result "1-0"]
[WhiteElo "2340"]
[BlackElo "2215"]
[PlyCount "25"]
[EventDate "1996.10.10"]
[EventType "swiss"]
[EventRounds "9"]
[EventCountry "AUT"]
[SourceTitle "CBM 055 Extra"]
[Source "ChessBase"]
[SourceDate "1997.01.01"]
[SourceVersion "1"]
[SourceVersionDate "1997.01.01"]
[SourceQuality "1"]

1. d4 d5 2. c4 Nc6 3. Nc3 dxc4 4. d5 Na5 5. e4 Bd7 6. Nf3 e6 7. Be3 exd5 8. Qxd5 c6 9. Qe5+ Ne7 10. 0-0-0 f6 11. Qg3 Ng6 12. e5 Qc7 13. e6 1-0

[Event "AUT-chT2O 9697"]
[Site "Austria"]
[Date "1996.??.??"]
[Round "7"]
[White "Eisterer, Heinrich"]
[Black "Uhlmann, Wolfgang"]
[Result "1/2-1/2"]
[WhiteElo "2340"]
[BlackElo "2460"]
[PlyCount "44"]
[EventDate "1996.??.??"]
[EventType "team"]
[EventRounds "11"]
[EventCountry "AUT"]
[SourceTitle "EXT 1998"]
[Source "ChessBase"]
[SourceDate "1997.11.17"]
[SourceVersion "1"]
[SourceVersionDate "1997.11.17"]
[SourceQuality "1"]

1. c4 Nf6 2. g3 g6 3. Bg2 Bg7 4. Nc3 c5 5. e4 Nc6 6. Nge2 0-0 7. 0-0 d6 8. d3 a6 9. a3 Rb8 10. Rb1 b5 11. cxb5 axb5 12. b4 cxb4 13. axb4 e6 14. h3 d5 15. exd5 Nxd5 16. Nxd5 exd5 17. Kh1 Be6 18. Bf4 Re8 19. Be3 Qd7 20. Bc5 Bf8 21. Bxf8 Kxf8 22. Re1 Qd6 1/2-1/2

[Event "Schlechter Memorial"]
[Site "Vienna"]
[Date "1996.??.??"]
[Round "6"]
[White "Eisterer, Heinrich"]
[Black "Zoebisch, Herbert"]
[Result "1-0"]
[WhiteElo "2340"]
[BlackElo "2245"]
[PlyCount "117"]
[EventDate "1996.10.10"]
[EventType "swiss"]
[EventRounds "9"]
[EventCountry "AUT"]
[SourceTitle "CBM 055 Extra"]
[Source "ChessBase"]
[SourceDate "1997.01.01"]
[SourceVersion "1"]
[SourceVersionDate "1997.01.01"]
[SourceQuality "1"]

1. f4 d5 2. Nf3 Nf6 3. g3 g6 4. Bg2 Bg7 5. d3 0-0 6. 0-0 c5 7. Qe1 d4 8. Na3 Nc6 9. c4 Rb8 10. Bd2 b6 11. Rb1 a5 12. Nb5 Bb7 13. b3 Ne8 14. a3 Nd6 15. Nxd6 Qxd6 16. b4 axb4 17. axb4 Ba8 18. Ng5 e6 19. Ne4 Qe7 20. b5 Na7 21. Ra1 f5 22. Ng5 Bxg2 23. Kxg2 Nc8 24. Nf3 Nd6 25. Ra3 Rfe8 26. Qf2 Nf7 27. Rfa1 h6 28. h4 Rb7 29. R1a2 Kh7 30. e3 dxe3 31. Qxe3 e5 32. fxe5 Nxe5 33. Nxe5 Qxe5 34. Qxe5 Bxe5 35. Ra7 Ree7 36. Rxb7 Rxb7 37. Bf4 Bf6 38. Re2 g5 39. Re6 Kg7 40. Be5 Bxe5 41. Rxe5 Kf6 42. Rd5 Ke6 43. Rd8 gxh4 44. gxh4 Rd7 45. Rh8 Rxd3 46. Rxh6+ Ke5 47. Rxb6 Rc3 48. h5 Rxc4 49. h6 Rg4+ 50. Kf3 Rg8 51. h7 Rh8 52. Rh6 c4 53. b6 c3 54. b7 Kd5 55. Ke2 f4 56. Kd3 c2 57. Kxc2 Ke4 58. Re6+ Kf3 59. Rg6 1-0

[Event "AUT-chT2O 9697"]
[Site "Austria"]
[Date "1996.??.??"]
[Round "?"]
[White "Koutsin, Sergey"]
[Black "Eisterer, Heinrich"]
[Result "1-0"]
[WhiteElo "2435"]
[BlackElo "2340"]
[PlyCount "80"]
[EventDate "1996.??.??"]
[EventType "team"]
[EventRounds "11"]
[EventCountry "AUT"]
[SourceTitle "EXT 1998"]
[Source "ChessBase"]
[SourceDate "1997.11.17"]
[SourceVersion "1"]
[SourceVersionDate "1997.11.17"]
[SourceQuality "1"]

1. d4 Nf6 2. Nf3 e6 3. c4 Bb4+ 4. Nbd2 b6 5. e3 Bb7 6. Bd3 c5 7. dxc5 bxc5 8. 0-0 0-0 9. b3 d6 10. Bb2 e5 11. Qc2 Bxd2 12. Nxd2 Nbd7 13. Rfd1 Qe7 14. Ne4 Nxe4 15. Bxe4 Bxe4 16. Qxe4 Nf6 17. Qc6 Rfd8 18. Rd3 Rab8 19. Rad1 Rb6 20. Qa4 Rdb8 21. Bc3 Ne8 22. Qa3 Qb7 23. Qb2 Ra8 24. Ba5 Ra6 25. Qd2 h6 26. Rd5 Rc8 27. f4 Nf6 28. Rxd6 Re8 29. Rd8 Qe7 30. Rxe8+ Qxe8 31. fxe5 Ne4 32. Qd5 Rxa5 33. Qxe4 Rxa2 34. Rd6 Qe7 35. h3 g6 36. Qd5 Qg5 37. Rf6 Qxe3+ 38. Kh2 Kh8 39. Rxf7 Rxg2+ 40. Kxg2 Qe2+ 1-0

[Event "Zalakaros op 15th"]
[Site "Zalakaros"]
[Date "1996.??.??"]
[Round "5"]
[White "Racz, Zoltan"]
[Black "Eisterer, Heinrich"]
[Result "0-1"]
[WhiteElo "2210"]
[BlackElo "2340"]
[PlyCount "71"]
[EventDate "1996.??.??"]
[EventType "swiss"]
[EventRounds "9"]
[EventCountry "HUN"]
[SourceTitle "CBM 052 Extra"]
[Source "ChessBase"]
[SourceDate "1996.07.01"]
[SourceVersion "1"]
[SourceVersionDate "1996.07.01"]
[SourceQuality "1"]

1. e4 e5 2. Nf3 Nc6 3. Bb5 a6 4. Ba4 Nf6 5. 0-0 Be7 6. Re1 b5 7. Bb3 d6 8. c3 0-0 9. h3 h6 10. d4 Re8 11. d5 Na5 12. Bc2 c6 13. dxc6 Qc7 14. Nbd2 Be6 15. Nf1 Qxc6 16. a4 Bf8 17. N3h2 Nc4 18. Ng4 Nh7 19. Nge3 Nb6 20. a5 Nd7 21. Nd5 Bxd5 22. exd5 Qc7 23. Qf3 Nhf6 24. Ng3 g6 25. h4 h5 26. Bd2 Bg7 27. Rad1 Rf8 28. Bb1 Rae8 29. b4 Nh7 30. Qe2 f5 31. f3 e4 32. fxe4 f4 33. Nxh5 gxh5 34. Qxh5 Be5 35. Qg6+ Kh8 36. Bxf4 0-1

[Event "Schlechter Memorial"]
[Site "Vienna"]
[Date "1996.??.??"]
[Round "2"]
[White "Rotstein, Jefim"]
[Black "Eisterer, Heinrich"]
[Result "0-1"]
[WhiteElo "2315"]
[BlackElo "2340"]
[PlyCount "80"]
[EventDate "1996.10.10"]
[EventType "swiss"]
[EventRounds "9"]
[EventCountry "AUT"]
[SourceTitle "CBM 055 Extra"]
[Source "ChessBase"]
[SourceDate "1997.01.01"]
[SourceVersion "1"]
[SourceVersionDate "1997.01.01"]
[SourceQuality "1"]

1. Nf3 d5 2. c4 c6 3. b3 Nf6 4. Bb2 Bg4 5. Ne5 Bh5 6. d3 Nbd7 7. Nxd7 Qxd7 8. Nd2 e6 9. g3 Bd6 10. Bg2 Qe7 11. a3 0-0 12. 0-0 a5 13. Nf3 e5 14. Qc2 Rfe8 15. Nh4 Qe6 16. e4 Bg4 17. exd5 cxd5 18. Rfe1 Bh3 19. Bh1 dxc4 20. bxc4 Qd7 21. Nf3 Qf5 22. Qe2 Rad8 23. Qe3 Ng4 24. Qb6 h6 25. Re2 Qc8 26. Qxa5 Bc5 27. Qc3 Qf5 28. Rd1 Re6 29. Bg2 Bxg2 30. Kxg2 Bxf2 31. h3 Ne3+ 32. Rxe3 Bxe3 33. Qa5 Rxd3 34. Rf1 Qe4 35. Bxe5 Rd2+ 36. Kh1 b6 37. Qc3 Rd3 38. Qb2 Bc5 39. Kg2 Rxf3 40. Rxf3 Qxe5 0-1

[Event "AUT-chT2O 9697"]
[Site "Austria"]
[Date "1996.??.??"]
[Round "6"]
[White "Schmidt, Peter"]
[Black "Eisterer, Heinrich"]
[Result "1-0"]
[WhiteElo "2405"]
[BlackElo "2340"]
[PlyCount "40"]
[EventDate "1996.??.??"]
[EventType "team"]
[EventRounds "11"]
[EventCountry "AUT"]
[SourceTitle "EXT 1998"]
[Source "ChessBase"]
[SourceDate "1997.11.17"]
[SourceVersion "1"]
[SourceVersionDate "1997.11.17"]
[SourceQuality "1"]

1. d4 Nf6 2. Bg5 e6 3. e4 h6 4. Bxf6 Qxf6 5. Nc3 Bb4 6. Qd2 d6 7. a3 Bxc3 8. Qxc3 Nc6 9. Nf3 e5 10. d5 Nd4 11. Nxd4 exd4 12. Qxc7 0-0 13. Bd3 Qg5 14. Qxd6 Qxg2 15. 0-0-0 Qxf2 16. Rdg1 Qh4 17. Rg3 f6 18. Qe7 g5 19. Rf1 Qxh2 20. e5 f5 1-0

[Event "Vienna op-B"]
[Site "Vienna"]
[Date "1996.??.??"]
[Round "8"]
[White "Wohlfahrt, Herbert J"]
[Black "Eisterer, Heinrich"]
[Result "0-1"]
[WhiteElo "2235"]
[BlackElo "2340"]
[PlyCount "54"]
[EventDate "1996.08.??"]
[EventType "swiss"]
[EventRounds "9"]
[EventCountry "AUT"]
[SourceTitle "EXT 2000"]
[Source "ChessBase"]
[SourceDate "1999.11.16"]
[SourceVersion "1"]
[SourceVersionDate "1999.11.16"]
[SourceQuality "1"]

1. d4 Nf6 2. Bg5 e6 3. e4 h6 4. Bxf6 Qxf6 5. Nc3 d6 6. Nf3 Nd7 7. Qd2 g6 8. 0-0-0 Bg7 9. Bc4 0-0 10. Rhe1 a6 11. Bb3 Qe7 12. h4 c5 13. dxc5 dxc5 14. Ne2 b5 15. c3 a5 16. Qd6 Qxd6 17. Rxd6 a4 18. Bc2 b4 19. Red1 Nf6 20. cxb4 cxb4 21. Ned4 Bb7 22. Nc6 b3 23. axb3 axb3 24. Bxb3 Rac8 25. e5 Bxc6 26. exf6 Bxf3+ 27. Kd2 Rfd8 0-1

[Event "AUT-ch"]
[Site "Voitsberg"]
[Date "1995.??.??"]
[Round "8"]
[White "Baumgartner, Heinz"]
[Black "Eisterer, Heinrich"]
[Result "1/2-1/2"]
[WhiteElo "2295"]
[BlackElo "2360"]
[PlyCount "141"]
[EventDate "1995.??.??"]
[EventType "tourn"]
[EventRounds "15"]
[EventCountry "AUT"]
[EventCategory "5"]
[SourceTitle "CBM 049 Extra"]
[Source "ChessBase"]
[SourceDate "1996.01.01"]
[SourceVersion "1"]
[SourceVersionDate "1996.01.01"]
[SourceQuality "1"]

1. Nf3 Nf6 2. g3 d5 3. Bg2 c6 4. d3 Bg4 5. Nbd2 Nbd7 6. 0-0 e6 7. e4 Bc5 8. h3 Bh5 9. Kh1 0-0 10. g4 Bg6 11. Nh4 dxe4 12. Nxg6 hxg6 13. dxe4 e5 14. Nb3 Bb6 15. Qe2 Ne8 16. a4 a5 17. Be3 Bxe3 18. Qxe3 Nc7 19. f4 exf4 20. Qxf4 Ne6 21. Qd2 Ne5 22. Qc3 Qc7 23. Rad1 b6 24. Nc1 Nc5 25. b3 Rad8 26. Nd3 Ncd7 27. Nxe5 Nxe5 28. Rd5 Rfe8 29. Rfd1 Rd7 30. Rxd7 Nxd7 31. Kg1 Ne5 32. Qd4 g5 33. Kf2 Kf8 34. Qd6+ Qxd6 35. Rxd6 Ke7 36. Rd2 Rd8 37. Rxd8 Kxd8 38. Bf1 Kd7 39. Ke3 Kd6 40. Kd4 f6 41. Be2 Ng6 42. Bf1 Nf4 43. Ke3 Ke5 44. c3 Ne6 45. Bd3 Nc5 46. Bc2 Kd6 47. Bd1 Ne6 48. Be2 Kc5 49. Bf1 Nf8 50. e5 fxe5 51. Ke4 Kd6 52. Kf5 Ne6 53. Bc4 Nf4 54. Kxg5 Nxh3+ 55. Kg6 Nf2 56. g5 Ne4 57. Bd3 Nxc3 58. Kxg7 e4 59. Bf1 Nd5 60. Kf7 Nf4 61. g6 Nxg6 62. Kxg6 Kc5 63. Kf5 Kb4 64. Bc4 e3 65. Ke4 e2 66. Bxe2 Kxb3 67. Bd1+ Kc3 68. Ke5 b5 69. Kd6 Kb4 70. Kxc6 bxa4 71. Bh5 1/2-1/2

[Event "AUT-chT2O 9495"]
[Site "Austria"]
[Date "1995.??.??"]
[Round "?"]
[White "Eisterer, Heinrich"]
[Black "Dobias, Richard"]
[Result "1-0"]
[WhiteElo "2360"]
[BlackElo "2210"]
[PlyCount "83"]
[EventDate "1994.??.??"]
[EventType "team"]
[EventRounds "11"]
[EventCountry "AUT"]
[SourceTitle "EXT 1999"]
[Source "ChessBase"]
[SourceDate "1998.11.16"]
[SourceVersion "1"]
[SourceVersionDate "1998.11.16"]
[SourceQuality "1"]

1. Nf3 Nf6 2. g3 d5 3. Bg2 c6 4. 0-0 Bg4 5. d3 Nbd7 6. Nbd2 e6 7. Qe1 Bd6 8. e4 Qc7 9. d4 dxe4 10. Ng5 Bf5 11. c3 0-0 12. Ndxe4 h6 13. Nxd6 Qxd6 14. Bf4 Qe7 15. Ne4 Nxe4 16. Bxe4 Bh3 17. Bg2 Bxg2 18. Kxg2 Rfe8 19. Qe2 e5 20. dxe5 Nxe5 21. Rfe1 Ng6 22. Qxe7 Nxe7 23. Rad1 Nd5 24. Be5 Rad8 25. c4 Nb6 26. Bc7 Rc8 27. Rxe8+ Rxe8 28. b3 Re7 29. Rd8+ Kh7 30. Bf4 f6 31. Rb8 g5 32. Be3 Rc7 33. a4 Kg7 34. Rd8 Nd7 35. Bxa7 b6 36. Bb8 Rb7 37. Bd6 Nc5 38. Bxc5 bxc5 39. Rd3 Kf7 40. Kf3 f5 41. h3 Ke6 42. Ke3 1-0

[Event "AUT-chT2O 9596"]
[Site "Austria"]
[Date "1995.??.??"]
[Round "3"]
[White "Eisterer, Heinrich"]
[Black "Schlingensiepen, Christian"]
[Result "1-0"]
[WhiteElo "2340"]
[BlackElo "2305"]
[PlyCount "61"]
[EventDate "1995.??.??"]
[EventType "team"]
[EventRounds "11"]
[EventCountry "AUT"]
[SourceTitle "EXT 1999"]
[Source "ChessBase"]
[SourceDate "1998.11.16"]
[SourceVersion "1"]
[SourceVersionDate "1998.11.16"]
[SourceQuality "1"]

1. Nf3 g6 2. d4 Nf6 3. Bg5 Bg7 4. Nbd2 d6 5. e4 0-0 6. Bc4 c6 7. Bb3 Qc7 8. 0-0 e5 9. c3 Nbd7 10. Re1 b5 11. h3 Bb7 12. a4 a6 13. Qb1 c5 14. d5 c4 15. Bc2 Nc5 16. b4 cxb3 17. Bxb3 Nfd7 18. axb5 axb5 19. Rxa8 Rxa8 20. Bc2 Qa5 21. Qb4 Nb6 22. Qxa5 Rxa5 23. Bd8 Ra6 24. Rb1 Nba4 25. Rxb5 Nxc3 26. Rb2 Kf8 27. Nc4 Ke8 28. Ba5 Ne2+ 29. Kh2 Nd4 30. Bb6 Ba8 31. Nxd6+ 1-0

[Event "AUT-ch"]
[Site "Voitsberg"]
[Date "1995.??.??"]
[Round "3"]
[White "Eisterer, Heinrich"]
[Black "Schlosser, Michael"]
[Result "0-1"]
[WhiteElo "2260"]
[BlackElo "2370"]
[PlyCount "74"]
[EventDate "1995.??.??"]
[EventType "tourn"]
[EventRounds "15"]
[EventCountry "AUT"]
[EventCategory "5"]
[SourceTitle "CBM 049 Extra"]
[Source "ChessBase"]
[SourceDate "1996.01.01"]
[SourceVersion "1"]
[SourceVersionDate "1996.01.01"]
[SourceQuality "1"]

1. Nf3 g6 2. e4 Bg7 3. d4 d6 4. c3 Nf6 5. Qc2 0-0 6. Bg5 Nc6 7. Nbd2 h6 8. Bf4 g5 9. Bg3 Nh5 10. Bd3 e6 11. 0-0-0 f5 12. exf5 exf5 13. h3 Nxg3 14. fxg3 d5 15. h4 g4 16. Ng1 Ne7 17. Ne2 Bd7 18. Nf4 c6 19. Rhf1 Nc8 20. Ng6 Rf6 21. Ne5 Nd6 22. Qb3 Be6 23. Rf4 h5 24. Kb1 Bh6 25. Rff1 Qe7 26. Qc2 Raf8 27. Nb3 Ne4 28. Bxe4 fxe4 29. Rxf6 Rxf6 30. Nc1 Bf5 31. Ka1 Bh7 32. Qe2 Qe6 33. Rf1 Rxf1 34. Qxf1 Bxc1 35. Qxc1 Qf5 36. a4 e3 37. Ka2 Qc2 0-1